Bytový dom
Saved in:
| Main Author: | |
|---|---|
| Other Authors: | |
| Format: | Manuscript Book |
| Language: | Slovak |
| Published: |
2015
|
| Subjects: | |
| Online Access: | http://is.stuba.sk/zp/portal_zp.pl?podrobnosti=90586 https://opac.crzp.sk/?fn=detailBiblioForm&sid=FF44C990A7CA883E4E8A5D929FD7 |
| Tags: |
No Tags, Be the first to tag this record!
|
MARC
| LEADER | 00000ntm a22000003a 4500 | ||
|---|---|---|---|
| 001 | stuzp50566 | ||
| 003 | SK-STU | ||
| 005 | 20230810133202.7 | ||
| 007 | ta | ||
| 008 | 150427s2015----xo-----f-mn---000-0-slo-d | ||
| 040 | |a STU |b slo | ||
| 041 | 0 | |a slo | |
| 100 | 1 | |a Frivaldská, Katarína |u 010180 |4 aut |U SvF Stavebná fakulta |T SvF Katedra konštrukcií pozemných stavieb |X 9957 |U V180 |Y 18 |7 9957 | |
| 242 | 0 | 1 | |a Residental building |y eng |
| 245 | 1 | 0 | |a Bytový dom |
| 260 | |c 2015 | ||
| 650 | 4 | |a bytový dom |2 slo | |
| 650 | 4 | |a projekt pre realizáciu |2 slo | |
| 650 | 4 | |a sekcie |2 slo | |
| 650 | 4 | |a residental building |2 eng | |
| 650 | 4 | |a project for the realization of the construction |2 eng | |
| 650 | 4 | |a section |2 eng | |
| 700 | 1 | |a Minarovičová, Katarína |4 ths |X 773 |7 A000000773 | |
| 856 | 4 | |u http://is.stuba.sk/zp/portal_zp.pl?podrobnosti=90586 | |
| 856 | 4 | |u https://opac.crzp.sk/?fn=detailBiblioForm&sid=FF44C990A7CA883E4E8A5D929FD7 | |
| SQL | |a stuzp50566 |b DBP |c SLO |d Bytový dom |e 9957 |f Frivaldská, Katarína |g 010180 |h 773 |i Minarovičová, Katarína |j 20150622 |k 4 |l 01 |m http://is.stuba.sk/zp/portal_zp.pl?podrobnosti=90586 |n B-PSA |o 5.1.4. pozemné stavby, 5.1.1. architektúra a urbanizmus | ||